banner-ar

PALESTINE PORTRAYED : CAMERA PICTURES REPRODUCED WITH DESCRIPTIONS AND EXPLANATIONS / (Record no. 12316)

MARC details
000 -الفاتح
حقل البيانات ثابتة الطول 00536nam a2200181Ia 4500
008 - عناصر البيانات ثابتة الطول - معلومات عامة
حقل البيانات ثابتة الطول 140319s9999 xx 000 0 eng d
040 ## - مصدر الفهرسة
وكالة الفهرسة الأصلية GCL /
وكالة النسخ GCL
082 04 - رقم تصنيف ديوى العشرى
رقم التصنيف 659.94
رقم المادة G P
100 1# - المدخل الرئيسى - إسم شخصى
الإسم الشخصى GENTLE - CACKETT , S.W
245 10 - بيان العنوان
العنوان PALESTINE PORTRAYED : CAMERA PICTURES REPRODUCED WITH DESCRIPTIONS AND EXPLANATIONS /
بيان المسئوليه,etc GENTLE - CACKETT , S.W
300 ## - الوصف المادى
التعداد 63 P
650 04 - المدخل الاضافى بالموضوع-مصطلح موضوعى
مصطلح موضوعي PALESTINAN ARABS
650 04 - المدخل الاضافى بالموضوع-مصطلح موضوعى
مصطلح موضوعي HISTORY - PALESTINE
650 04 - المدخل الاضافى بالموضوع-مصطلح موضوعى
مصطلح موضوعي HISTORY
942 ## - عناصر المدخل الإضافي( كوها)
مصدر التصنيف او مخطط الترفيف Dewey Decimal Classification
Koha [default] item type كتاب
260 ## - PUBLICATION, DISTRIBUTION, ETC. (IMPRINT)
-- [S.N] :
-- PALESTINE AND BIBLE LANDS
Holdings
حالة التراجع حالة الفقد حالة تلف ليس للاعارة المكان المؤقت الموقع الحالى تاريخ الاكتساب اجمالي اﻻعارات رقم الطلب الباركود تاريخ اخر مشاهدة تاريخ تفعيل السعر نوع وعاء كوها
        مكتبة القاهرة الكبرى مكتبة القاهرة الكبرى 03/26/2014   659.94\G P 24011 03/26/2014 03/26/2014 كتاب

Powered By

EGPV